00850 a2200205 4500003000500000005001700005010001600022020001700038040000900055082001600064100002200080245004700102250001200149260003200161300003500193505035000228650001300578650001400591650003900605Nust20221223173052.0 a 92040518 a039303531X : cNust00a355.009,ALE1 aAlexander, Bevin.10aHow great generals win /cBevin Alexander. a1st ed. aNew York :bNorton,cc1993. a320 p. :bill., maps ;c22 cm. aThe General Who beat Hannibal (Page-19), Mongol Secrets (Page-67), Napoleon and Wars of Annihilation (Page-95), Stonewall Jackson (Page-123), Sherman The general who won civil War (Page-143), Palestine 1918 (Page-168), Mao Zedong (Page-187), France 1940 Victory by Surprise (Page-209), MacArthur (Page-276), The Enduring Unity of War (Page-299). 0aBattles. 0aGenerals. 0aMilitary art and sciencexHistory.